Estimating Construction Costs / (Record no. 15621)
[ view plain ]
| 000 -LEADER | |
|---|---|
| fixed length control field | 01673cam a22003614a 4500 |
| 001 - CONTROL NUMBER | |
| control field | 12432877 |
| 005 - DATE AND TIME OF LATEST TRANSACTION | |
| control field | 20070726070131.0 |
| 008 - FIXED-LENGTH DATA ELEMENTS--GENERAL INFORMATION | |
| fixed length control field | 010606s2002 maua 001 0 eng |
| 010 ## - LIBRARY OF CONGRESS CONTROL NUMBER | |
| LC control number | 2001041039 |
| 020 ## - INTERNATIONAL STANDARD BOOK NUMBER | |
| International Standard Book Number | 0072435801 (alk. paper) |
| 020 ## - INTERNATIONAL STANDARD BOOK NUMBER | |
| International Standard Book Number | 9780072435801 (alk. paper) |
| 040 ## - CATALOGING SOURCE | |
| Original cataloging agency | DLC |
| Transcribing agency | DLC |
| Modifying agency | DLC |
| 042 ## - AUTHENTICATION CODE | |
| Authentication code | pcc |
| 043 ## - GEOGRAPHIC AREA CODE | |
| Geographic area code | n-us--- |
| 050 00 - LIBRARY OF CONGRESS CALL NUMBER | |
| Classification number | TH435 |
| Item number | .P47 2002 |
| 082 00 - DEWEY DECIMAL CLASSIFICATION NUMBER | |
| Classification number | 692.5 |
| Edition number | 22 |
| Item number | PEU |
| 100 1# - MAIN ENTRY--PERSONAL NAME | |
| Personal name | Peurifoy, R. L. |
| Fuller form of name | (Robert Leroy), |
| Dates associated with a name | 1902-1995. |
| 9 (RLIN) | 25464 |
| 245 10 - TITLE STATEMENT | |
| Title | Estimating Construction Costs / |
| Statement of responsibility, etc | Robert L. Peurifoy, Garold D. Oberlender. |
| 250 ## - EDITION STATEMENT | |
| Edition statement | 5th ed. |
| 260 ## - PUBLICATION, DISTRIBUTION, ETC. (IMPRINT) | |
| Place of publication, distribution, etc | Boston : |
| Name of publisher, distributor, etc | McGraw-Hill, 2002 |
| Date of publication, distribution, etc | c2002. |
| 300 ## - PHYSICAL DESCRIPTION | |
| Extent | xvi, 560 p. : |
| Other physical details | ill. ; |
| Dimensions | 25 cm. |
| 490 ## - Series Statement | |
| -- | 17916 |
| Series statement | McGraw-Hill Series in Construction Engineering and Project Management |
| 500 ## - GENERAL NOTE | |
| General note | Includes index. |
| 650 #0 - SUBJECT ADDED ENTRY--TOPICAL TERM | |
| Topical term or geographic name as entry element | Building |
| General subdivision | Estimates |
| Geographic subdivision | United States. |
| 9 (RLIN) | 25465 |
| 653 ## - INDEX TERM--UNCONTROLLED | |
| Resource For college | |
| -- | |
| Arrived date list | June2011 |
| 700 1# - ADDED ENTRY--PERSONAL NAME | |
| Personal name | Oberlender, Garold D. |
| 9 (RLIN) | 25466 |
| 856 42 - ELECTRONIC LOCATION AND ACCESS | |
| Materials specified | Publisher description |
| Uniform Resource Identifier | <a href="http://www.loc.gov/catdir/enhancements/fy0702/2001041039-d.html">http://www.loc.gov/catdir/enhancements/fy0702/2001041039-d.html</a> |
| 856 41 - ELECTRONIC LOCATION AND ACCESS | |
| Materials specified | Table of contents only |
| Uniform Resource Identifier | <a href="http://www.loc.gov/catdir/enhancements/fy0702/2001041039-t.html">http://www.loc.gov/catdir/enhancements/fy0702/2001041039-t.html</a> |
| 856 42 - ELECTRONIC LOCATION AND ACCESS | |
| Materials specified | Contributor biographical information |
| Uniform Resource Identifier | <a href="http://www.loc.gov/catdir/enhancements/fy0735/2001041039-b.html">http://www.loc.gov/catdir/enhancements/fy0735/2001041039-b.html</a> |
| 942 ## - ADDED ENTRY ELEMENTS (KOHA) | |
| Source of classification or shelving scheme | Dewey Decimal Classification |
| Item type | Book - Borrowing |
| Withdrawn status | Item status | Source of classification or shelving scheme | Damaged status | Not for loan | Vendor | Home library | Current library | Shelving location | Date acquired | Source of acquisition | Cost, normal purchase price | Serial Enumeration / chronology | Total Checkouts | Total Renewals | Full call number | Barcode | Date last seen | Date last borrowed | Koha item type |
|---|---|---|---|---|---|---|---|---|---|---|---|---|---|---|---|---|---|---|---|
| Dewey Decimal Classification | Central Library | Central Library | First floor | 16/06/2011 | 151.00 | 1830 | 1 | 4 | 692.5 PEU | 000024241 | 15/07/2025 | 05/03/2012 | Book - Borrowing |